000 00371pab a2200145 454500
008 180718b1990 xxu||||| |||| 00| 0 eng d
100 _aPonnuswamy, S.
245 _aRole of railways and its impact on modal split in Indian cities
260 _c1990
300 _a87-101
362 _aJan.-Jun.
650 _aRailways - India
773 _aUrban India
909 _a17670
999 _c17670
_d17670